Quizzes
Events
Quiz Creation
Community
Videos
Private Events
Remove Ads
Sign In
Join for FREE
Feedback
Dark Mode
Quiz Categories
Sports
Geography
Music
Movies
Television
Just For Fun
Miscellaneous
History
Literature
Language
Science
Gaming
Entertainment
Religion
Holiday
For Kids
Quiz Lab
Recent
Popular Today
Quiz Kudos Today
Editor Picks
Curator Picks
Quizzes by...
Day
Popularity
Type
Ratings
Length
Year
Community
Subscriptions
Recent Discussions
Orange Saloon
Badges
Playlists
Quests
Create
Leaderboards
Showdown
Live 5
Trivia Bingo
Activity
Puzzle Library
Sporcle Events
Private Events
Virtual Trivia
Globe League
Become a Host
Pub Owners
SporcleCon
Opinionation
Our Games
Videos
Blog
Mobile Apps
Partnerships
Remove Ads and Go Orange
Feedback
Science
Computer
Plants
Astronomy
Chemistry
Elements
Math
Animal
Physics
Anatomy
Biology
Geology
General Science
Science
Computer
Plants
Astronomy
Chemistry
Elements
Math
Animal
Physics
Anatomy
Biology
Geology
General Science
Random Quiz
Search Sporcle
×
Quiz Lab
Quiz Lab
Science
Math
Type in answers that appear in a list
Type in answers that appear in a list
Classic
Best Score? Go Orange.
Abundant numbers Stats
Can you name the first 25 Abundant numbers
By
The_4st
60s
25 Questions
53 Plays
53 Plays
53 Plays
Comments
Comments
Give Quiz Kudos
Give Quiz Kudos
-
- Ratings
hide this ad
More Info
Replay
Link that replays current quiz
Next Quiz
Link to next quiz in quiz playlist
You Got
0%
They Got
Avg Score
59%
Avg Friend Score
Upgrade to see
Score Distribution
Jump to the score distribution portion of the page
Score
0/25
Timer
01:00
0
Plays Today
Number
% Correct
12
84.9%
20
84.9%
18
83%
24
79.2%
36
77.4%
30
75.5%
40
73.6%
42
67.9%
48
67.9%
60
64.2%
56
62.3%
100
58.5%
80
56.6%
Number
% Correct
54
54.7%
66
54.7%
70
54.7%
72
54.7%
90
49.1%
96
49.1%
78
47.2%
88
47.2%
84
41.5%
108
37.7%
102
30.2%
104
26.4%
Quiz Playlist
Details
Report
Send in Message
Add To Playlist
More Info:
An abundant number or excessive number is a number for which the sum of its proper divisors is greater than the number itself.
Classic:
Type in answers that appear in a list
Quiz Source
Last Updated: Feb 16, 2017
Quiz Scoreboard
CHALLENGE
Sign Up to Join the Scoreboard
Show All
Scores
Hide
Comments
May contain spoilers
Recently Published
9x9 Crossword: Cartoon Network
by jackfrog10
Miscellaneous
3m
College Basketball Coaching Resumes
by pancakes188
Sports
9m
Billboard Blitz: Fleetwood Mac
by CooCooCachoo
Music
15s
More to Explore
Quiz From the Vault
Featured Blog Post
Where Did the Easter Bunny Come From?
hide this ad
You Might Also Like...
Tags
Math Quiz
Numbers Quiz
Abundance
Abundant
digit
Following Number
Highest Number
Large Numbers
Quick Math
Science Math
Simple Math
Total Number
Today's Top Quizzes in Science
Browse Science
hide this ad
Today's Top Quizzes in Math
Browse Math
Top Contributed Quizzes in Science
1
Quick Pick: Radians
2
Quick Pick: 'CI-CJ' Animals
3
The First 100 Digits of Pi
4
Elements In Images
5
One Thing in Common: Science
6
Science Jokes
7
One Thing in Common: Animals
8
One Thing in Common: Science II
9
Name the Acid, Base or Salt
10
One Thing in Common: Science III
Explore More
Trending Topics
NBA
Marvel
Kpop
Harry Potter
Anime
Crossword
Disney
WWE
Song
Puzzle
The Office
Soccer
NFL
Pokémon
Country
hide this ad
More By:
The_4st
Quiz
Plays
Rating
Category
Featured
Created
NBA 2K16 best players (clickable)
113,943
1.54
Sports
Nov 7, 2015
NBA 2K15 - best player on the classic teams
6,567
4.53
Sports
Jan 10, 2015
NBA 2K15 - Highest rated player by team
6,417
3.57
Sports
Dec 18, 2014
NBA 2K15 - highest rated players by position
4,577
3.70
Sports
Dec 23, 2014
NBA 2K15 - All 90+ players
2,301
3.67
Sports
Jan 24, 2015
Go to Creator's Profile
Score Distribution
Quiz Creator Spotlight
The_4st
Follow
Send a Message
Quizzes Created
-
Created Quiz Play Count
-
More By This Creator
Popular Quizzes Today
1
Find the US States - No Outlines Minefield
2
Find the Countries of Europe - No Outlines Minefield
3
The Countries of the World
4
Find the US States
5
Risky Map Clicking: Biggest States A-Z
6
US States
7
Popular People in 1961
8
Movies - When Are They Set?
More Science Quizzes
What's in Nutella?
Curator's Pick
Trending Quizzes
Risky Map Clicking: Least Populous States A-Z
1-10 Letter G Words
Risky Map Clicking: Next State Alphabetically
Adjectives in 80s TV Shows
Risky Map Clicking: Biggest States A-Z
Recently Updated
Leaping Animals
pecheneg
Reality TV Shows (A-Z)
bhenderson79
Rickey Henderson's Hall of Fame Teammates
pecheneg
Champions League XIs: Arsenal
pecheneg
Quick Pick: Celebrities in WWE's Hall of Fame
aduchscher
A-Z Keypad Blitz II
pecheneg
Multiple Oscar Actors
pecheneg
Mystery Phrase Blitz: Oscar 'Best Actors'
pecheneg
F. Scott Fitzgerald Novels
LTH
Pick 3 Villains
ddd62291
Trending Topics
Harry Potter
Kpop
Anime
Disney
Crossword
NBA
Marvel
NFL
The Office
WWE
Pokémon
Country
Song
Puzzle
Soccer
Your Account Isn't Verified!
In order to create a playlist on Sporcle, you need to verify the email address you used during registration. Go to your
Sporcle Settings
to finish the process.
Report this User
Report this user for behavior that violates our
Community Guidelines
.
Details:
Send Report
Go to the Sporcle.com Mobile Site →
Comments